Hà Nam quê tôi /

Gardado en:
Detalles Bibliográficos
Autor Principal: Trần Quốc Vượng.
Formato: Artigo
Idioma:Vietnamese
Các nhãn: Engadir etiqueta
Sen Etiquetas, Sexa o primeiro en etiquetar este rexistro!
Thư viện lưu trữ: Thư viện Trường Đại học Đà Lạt
LEADER 00681nam a2200241 4500
001 DLU130146331
005 ##20130326
040 # # |a DLU  |b vie 
041 # # |a vie 
044 # # |a vn 
100 # # |a Trần Quốc Vượng. 
245 # # |a Hà Nam quê tôi /  |c Trần Quốc Vượng. 
773 # # |t Bối cảnh định đô Thăng Long và sự nghiệp của Lê Hoàn,   |g  2005, tr. 61-69 
920 # # |a Phòng Tạp chí -- Trung tâm Thông tin - Thư viện Trường Đại học Đà Lạt 
994 # # |a DLU 
900 # # |a True 
911 # # |a Nguyễn Thị Mai Anh 
925 # # |a G 
926 # # |a A 
927 # # |a BB 
980 # # |a Thư viện Trường Đại học Đà Lạt